"Study of the development of curriculum of commerce courses as prescribed by the University of Delhi during the last decade" (Record no. 1373011)
[ view plain ]
| 000 -LEADER | |
|---|---|
| fixed length control field | 00665nam a2200169Ia 4500 |
| 005 - DATE AND TIME OF LATEST TRANSACTION | |
| control field | 20250508161907.0 |
| 008 - FIXED-LENGTH DATA ELEMENTS--GENERAL INFORMATION | |
| fixed length control field | 008 250505s9999 xx 000 0 eng d |
| 037 ## - SOURCE OF ACQUISITION | |
| Stock number | Books to be hide in OPAC |
| 040 ## - CATALOGING SOURCE | |
| Original cataloging agency | FEDL |
| Language of cataloging | eng |
| Transcribing agency | FEDL |
| 041 ## - LANGUAGE CODE | |
| Language code of text/sound track or separate title | eng |
| Source of code | eng |
| 084 ## - COLON CLASSIFICATION NUMBER | |
| Classification number | 375, AGA |
| Assigning agency | FEDL |
| 100 ## - MAIN ENTRY--PERSONAL NAME | |
| Personal name | Agarwal Chandra Kishore |
| 9 (RLIN) | 771747 |
| 245 #0 - TITLE STATEMENT | |
| Title | "Study of the development of curriculum of commerce courses as prescribed by the University of Delhi during the last decade" |
| 546 ## - LANGUAGE NOTE | |
| Language note | Submitted in part fulfilment of the requirement for the master of education degree of the University of Delhi, Delhi |
| 942 ## - ADDED ENTRY ELEMENTS (KOHA) | |
| Koha item type | Books to be hide in OPAC |
| Classification part | 375, AGA |
| Withdrawn status | Lost status | Damaged status | Not for loan | Home library | Current library | Date acquired | Total Checkouts | Full call number | Barcode | Date last seen | Price effective from | Koha item type |
|---|---|---|---|---|---|---|---|---|---|---|---|---|
| Department of Education Library | Department of Education Library | 2025-05-08 | 375, AGA | EL0062866 | 2025-05-08 | 2025-05-08 | Books to be hide in OPAC |
